000 00441nam a22001697a 4500
999 _c12232
_d12232
008 220823b ||||| |||| 00| 0 eng d
020 _a9789382665250
082 _a362.40954
_bDIS
100 _aDisha
245 _aBecause life is a gift
260 _aNew Delhi
_bSrishti publishers and distributors
_c2014
300 _axv, 196p.
650 _aPeople with disabilities
650 _aSuccessful people
650 _aIndia
942 _cBK